| 000 | 00325cam a22001217a 4500 | ||
|---|---|---|---|
| 008 | 180718b1961 xxu||||| |||| 00| 0 eng d | ||
| 082 | _aT31 G749 | ||
| 100 | _aGoyder, George | ||
| 245 |
_aThe responsible company _cby George Goyder |
||
| 260 |
_aOxford _bBlackwell _c1961 |
||
| 300 | _a192p. | ||
| 650 | _aIndustrial organization | ||
| 999 |
_c366672 _d366672 |
||